000 03429nam0a2200469 4500
001 RU\NLR\BIBL_A\012910353
005 20260407030211.0
010 _a978-5-907366-37-4
_9300
021 _aRU
_b2022-58534
_9КН-П-5079
035 _a(RuMoRGB)011194030
035 _a(NLR Aleph) 012910353
090 _a12612422
_c12612422
100 _a20221017d2021 |||y0rusy50 ca
101 0 _arus
102 _aRU
105 _aa z 000zy
181 0 _ai
_baxxe
182 0 _an
200 1 _aДинамика физических процессов в активных зонах ближнего космоса и геосфер
_eизбранные работы, 2018-2022 гг
_fРоссийская академия наук
_gИнститут космофизических исследований и распространения радиоволн ДВО РАН
_gпод общей редакцией доктора физико-математических наук, профессора Б. М. Шевцова
203 _aТекст
_bвизуальный
_cнепосредственный
210 _aМосква
_cРАН
_d2021
215 _a409 с.
_cил., цв. ил.
_d25
300 _aНа тит. с.: Российская академия наук - 300 лет
320 _aБиблиогр. в конце ст.
330 _aПредставлены комплексные методы и результаты исследований физических процессов и их взаимодействий в системе ближнего космоса и геосфер в условиях повышенной изменчивости солнечной, циклонической и сейсмической активности. Подводятся итоги длительных наблюдений. Разработаны методы системного анализа. Созданы модели нелинейных и релаксационных колебаний с учетом эредитарных и фрактальных эффектов. Особое внимание уделяется аномальным и катастрофическим явлениям. Обсуждаются различные аспекты проблемы изменения климата
606 1 _aКосмическое пространство околоземное
_xГеофизические процессы
_92229487
_3RU\NLR\AUTH\661338217
606 1 _aИоносферно-магнитосферные возмущения
_91178292
_3RU\NLR\AUTH\66473838
606 1 _aГеосферные процессы
_91436592
_3RU\NLR\AUTH\66296844
607 _aСолнце
_xВлияние на Землю
_91036774
_3RU\NLR\AUTH\6680706
675 _a[53:52
_v4
675 _a550.3]
_v4
686 1 _aД244
686 1 _aД214.224
686 1 _aД0
686 1 _aВ652.7
702 1 _4340
_8rus
_7ca
_aШевцов
_bБ. М.
_gБорис Михайлович
_3RU\NLR\AUTH\77122642
_9105567
712 0 2 _4570
_aИнститут космофизических исследований и распространения радиоволн
_cс. Паратунка, Камчатский край
_3RU\NLR\AUTH\8810012060
_9521888
942 _cBOOK
980 _aNB